| 000 | 00501nam a2200205Ia 4500 | ||
|---|---|---|---|
| 003 | OSt | ||
| 005 | 20140329155616.0 | ||
| 008 | 140130s9999 xx 000 0 und d | ||
| 020 | _a9780794411435 | ||
| 050 |
_aPZ 7 _b.Sh5329 2006 |
||
| 100 | _aShaw, Fran | ||
| 245 |
_aSharing : _bhow kindness grows / _cFran Shaw. |
||
| 260 |
_bScholastic, _c2006. _aNew York : |
||
| 300 |
_a15 cm. _bcol. ill. ; _c25 cm. |
||
| 440 | _v1 | ||
| 521 | _aG4 | ||
| 526 | _c690 | ||
| 942 |
_cBK _2lcc |
||
| 999 |
_c41867 _d41867 |
||